|
|
|
|
| LEADER |
00000naa a2200000 i 4500 |
| 001 |
publ860 |
| 005 |
20180205104157.0 |
| 008 |
180205s2016 hu o 000 zxx d |
| 020 |
|
|
|a 978-963-7159-23-7
|
| 040 |
|
|
|a BGE Publikációtár Repozitórium
|b hun
|
| 100 |
1 |
|
|a Z. Papp Zsuzsanna
|
| 245 |
1 |
0 |
|a Halálos engedelmesség
|b amit a repülőipartól tanulhatunk a kommunikációs kultúra tekintetében
|c Z. Papp Zsuzsanna
|h [elektronikus dokumentum]
|
| 260 |
|
|
|a Budapesti Gazdasági Egyetem
|c 2016
|
| 300 |
|
|
|a 899-917
|
| 490 |
0 |
|
|a Alkalmazott Tudományok III. Fóruma: Konferenciakötet.
|
| 650 |
|
4 |
|a média- és kommunikációs tudományok
|
| 695 |
|
|
|a Repülőipar
|
| 695 |
|
|
|a Kommunikáció
|
| 856 |
4 |
0 |
|u https://publikaciotar.uni-bge.hu/id/eprint/860/1/zpapp.pdf
|z Dokumentum-elérés
|